The pop-up, pull-out human body
| Main Author: | |
|---|---|
| Format: | Book |
| Published: |
London :
Dorling Kindersley Limited ,
2016
|
| Subjects: |
MARC
| LEADER | 00000cam a2200000 7i4500 | ||
|---|---|---|---|
| 001 | 0000217790 | ||
| 005 | 20180612.0 | ||
| 020 | |a 9780241257654 | ||
| 090 | 0 | 0 | |a 612 |b GRE |
| 100 | 1 | |a Greenwood, Marie | |
| 245 | 1 | 4 | |a The pop-up, pull-out human body |c Marie Greenwood |
| 260 | |a London : |b Dorling Kindersley Limited , |c 2016 | ||
| 300 | |a 33p. : |b ill. ; |c 29cm. | ||
| 650 | 0 | |a Human body |v Juvenile literature | |
| 999 | |a 00352899 |b BUKU |c JUNIOR BOOKS |e PERPUSTAKAAN KOMUNITI PETALING JAYA | ||
| 999 | |a 00352900 |b BUKU |c JUNIOR BOOKS |e PERPUSTAKAAN KOMUNITI CAW BANDAR UTAMA | ||